01039 a2200205 45000010006000000050017000060080041000230030015000640400040000790800059001192450082001780200018002602640035002783000019003135050355003320410008006871000022006957000017007178560099007345712820260407155834.0260407a1992 arg spa dAR-UNSa-BCEJYS aAR-UNSa-BCEJYSbspacAR-UNSa-BCEJYS a17xFilosofía moral. Ética. Filosofía práctica10aCritica de la eficaciapética, verdad y utopía de un mito contemporáneo a950-12-6901-9 1aBuenos Aires :bPaidósc1992 a154 p.c23 cm. aPrimera parte. La “lógica de la eficacia”: 1. Lo eficaz es lo verdadero – 2. Lo verdadero es lo justo – 3. Lo eficaz es lo justo – 4. ¡Y sin embargo, funciona! – Segunda parte. Preguntas: 1. Introducción: paradojas e incertidumbres – 2. ¿Se pueden trasladar los modelos? – 3. Vivan los ganadores o como jugar a perdedor-ganador  aspa1 aLe Mouel, Jacques1 aAgoff, Irene41uhttps://www.biblioeco.unsa.edu.ar/pmb/images/libros/L128706.jpgyImagen de portadaqimage/jpeg